000 00521cam a22001692 4500
001 0000025181
005 20151217154515.0
008 150213s xx 000 0 eng d
040 _aKABU
_cKABU
100 1 _aBrown, Nigel.
_@0000185639
245 1 0 _aNotes on Nicolai Gogol's the Government inspector /
_cby Nigel Brown.
260 _aNairobi :
_bHeinemann Educational Books(E.A.) Ltd,
_c1974.
300 _a44 p. ;
_c17 cm.
908 _a150213
950 _@1
999 _c11630
_d11630